000 00858cab a2200253 4500
001 ABS51794
008 090401t1994 xxu||||| |||| 00| 0 eng d
035 _a(Sirsi) u44239
041 _aeng
100 _aStudemann, F.
245 _aHamburg: a Hanseatic heritage
260 _c1994
350 _a0
490 _aEuroProperty
_vNovember 1994, 24-27(4)
520 _aNotes the resilience of the Hamburg property market as it benefits from the Scandinavian push south and its new central position following the opening up of eastern Europe.
650 _aGERMANY
650 _aHAMBURG
650 _aHANSEATIC TRADE CENTRE
650 _aPROPERTY-COMMERCIAL PROPERTY-OFFICE PROPERTY-OFFICE PROPERTY MARKET
690 _aPROPERTY-COMMERCIAL PROPERTY-COMMERCIAL PROPERTY MARKET
690 _aOVERSEAS-EUROPE
942 _n0
948 _c04/03/1997
999 _c28196
_d28196